Kapitoly z vývoja obchodu

Enregistré dans:
Détails bibliographiques
Auteur principal: Rendoš, Ladislav
Format: Livre
Langue:slovaque
Publié: Bratislava Alfa 1979
Collection:Edícia ekonomickej literatúry
Tags: Ajouter un tag
Pas de tags, Soyez le premier à ajouter un tag!

MARC

LEADER 00000nam a2200000 4500
001 c119416
005 20221128070145.0
041 0 |a slo 
044 |a SK 
245 1 0 |a Kapitoly z vývoja obchodu  |c Ladislav Rendoš 
264 1 |a Bratislava  |b Alfa  |c 1979 
300 |a 194 s. 
490 1 |a Edícia ekonomickej literatúry 
830 0 |a Edícia ekonomickej literatúry 
100 1 |a Rendoš, Ladislav